| LEADER | 00843nam a2200229 a 4500 | ||
|---|---|---|---|
| 001 | GR-MES1608 | ||
| 008 | 991111s1995 enk 000 b eng d | ||
| 020 | |a 0803958633 | ||
| 040 | |a GrPaTEI |b gre |c GR-PaULI | ||
| 245 | 0 | 0 | |a What's behind the research? : |b Discovering hidden assumptions in the behavioral sciences. |
| 260 | |a London : |b Sage, |c 1995 | ||
| 300 | |a 251σ. | ||
| 500 | |a bibliography:p(237-241),includes index | ||
| 650 | 4 | |a Φιλοσοφία | |
| 650 | 4 | |a Ψυχολογία | |
| 700 | 1 | |a Slife, Brent | |
| 700 | 1 | |a Williams, Richard | |
| 710 | 0 | |a Sage | |
| 942 | |2 ddc | ||
| 952 | |0 0 |1 0 |2 ddc |4 0 |6 300_100000000000000_SLI |7 0 |9 265846 |a MSLG |b MSLG |c BSC |d 2021-01-17 |e 24 |f 0 |g 0.00 |l 0 |o 300.1 SLI |p 2420000011972 |r 2021-01-17 00:00:00 |t 1 |w 2021-01-17 |y BK15 |x 19991111 0 1 |x GrPaTEI | ||
| 971 | |a .b25726511 |b 15-04-20 |c 13-09-16 | ||
| 999 | |c 152835 |d 152835 | ||